00676nam a22001817a 450000500170000001000240001702000260004103500170006703500130008403700180009708200080011524501560012325000350027926000580031427000780037230000270045070000170047720161104153206.0 a1516ENO7 ENG-116435 a9789352034369c460.00 aB-609272-306 aEN-99967 adplbStar/Ven a000 aIAS mains general studies paper 3:cedited by Priya Goyal btechnology economic development bio-diversity environment, security & disaster management / aFull Revised & Updated Edition aNew DelhibArihant Publications(India ) Limitedc2015 a4577/15, Agarwal Road, Daryaganj bNew Delhi e110002k011-47630600l-m- a678p.bill.c27cm(pbk) aGoyal, Priya